Antajartik aain / (Record no. 11113)

MARC details
000 -LEADER
fixed length control field 00501nam a22001937a 4500
005 - DATE AND TIME OF LATEST TRANSACTION
control field 20260515114858.0
008 - FIXED-LENGTH DATA ELEMENTS--GENERAL INFORMATION
fixed length control field 201222b ||||| |||| 00| 0 eng d
020 ## - INTERNATIONAL STANDARD BOOK NUMBER
International Standard Book Number 8173393990
040 ## - CATALOGING SOURCE
Original cataloging agency IN-DiNC
Transcribing agency IN-DiNC
041 ## - LANGUAGE CODE
Language code of sung or spoken text asm
082 ## - DEWEY DECIMAL CLASSIFICATION NUMBER
Classification number 341
Item number CHA
100 ## - MAIN ENTRY--PERSONAL NAME
Personal name Chakravarty, Dilip Kumar
Relator term author
245 ## - TITLE STATEMENT
Title Antajartik aain /
Statement of responsibility, etc. by Dilip Kumar Chakravarty
250 ## - EDITION STATEMENT
Edition statement 2nd ed.
260 ## - PUBLICATION, DISTRIBUTION, ETC.
Place of publication, distribution, etc. Dibrugarh:
Name of publisher, distributor, etc. Banalata,
Date of publication, distribution, etc. 2009
300 ## - PHYSICAL DESCRIPTION
Extent 425p.
650 ## - SUBJECT ADDED ENTRY--TOPICAL TERM
Topical term or geographic name entry element International law
942 ## - ADDED ENTRY ELEMENTS (KOHA)
Source of classification or shelving scheme Dewey Decimal Classification
Koha item type Books
Holdings
Withdrawn status Lost status Source of classification or shelving scheme Damaged status Not for loan Collection Home library Current library Shelving location Date acquired Cost, normal purchase price Total checkouts Full call number Barcode Date last seen Date last checked out Copy number Price effective from Koha item type
    Dewey Decimal Classification       Naharkatiya College Library Naharkatiya College Library General stacks 12/22/2020 170.00 4 341 CHA 20249 07/13/2021 04/07/2021 1 12/22/2020 Books
    Dewey Decimal Classification       Naharkatiya College Library Naharkatiya College Library General stacks 12/22/2020 170.00 6 341 CHA 20251 08/13/2021 04/05/2021 2 12/22/2020 Books